00732cam a2200193 a 450000100100000000500170001000800410002704000250006808200190009310000390011224500590015126000460021030000280025665000340028465000350031865000480035395201220040199900150052300000490620200929151529.0770110s1949 mx a 001 p spa  aDO-SdBNPbspacBNPHU aES861.4bS486h1 aSerpas, Lilian,d1905-1985.91418810aHuesped de la eternidad :b1928-1948 /cLilian Serpas. aMéxico :bEl Castillo de Viento,c1949. a159 p. :bil. ;c20 cm. 4aPoesía salvadoreña912306 4aLiteratura salvadoreña92929 4aLiteratura latinoaméricanaySIGLO XX9203 001052708MOaGRbGRcCTd2009-07-27iLF1l0oES861.4 S486hp4906-10r2020-06-25w2020-06-25y2ZPréstamo interno c4712d4712